000 00404cam a22001337a 4500
008 180718b1996 xxu||||| |||| 00| 0 eng d
082 _aB135x54 Sr34
100 _aSrinivas, M.N.
245 _aVillage, caste, gender and method: essays in Indian social anthropology
_cby M.N. Srinivas
260 _aDelhi
_bOxford
_c1996
300 _a244p.
650 _aCaste - India
650 _aSociology, Rural - India
999 _c380216
_d380216